| 000 | 01239cam a2200193 4500 | ||
|---|---|---|---|
| 001 | L136965 | ||
| 008 | 070307s2007 xxk f 000 0 eng d | ||
| 035 | _a(Sirsi) u136965 | ||
| 041 | 0 | _aeng | |
| 245 | 0 | 0 |
_aChartbrook Ltd v. Persimmon Homes Ltd and another _h[electronic resource] |
| 260 | _c2007 | ||
| 520 | _a[2007] EWHC 409 (Ch), 2 March 2007. This is a claim for money alleged to be due under a development agreement. The dispute as to the alleged debt arises from a disagreement as to the true construction of Schedule 6 to the Agreement which contains provisions as to the Price (as defined) to be paid by Persimmon to Chartbrook, and in particular as to the element of the price labelled as the 'Additional Residential Payment'. "Held": It was decided that Persimmon did not prove either of its alternative rectification cases with sufficient clarity and their counterclaim was dismissed. | ||
| 590 | _aKA | ||
| 650 | 2 | 4 | _aCHARTBROOK LTD V PERSIMMON HOMES LTD AND ANOTHER |
| 651 | 4 |
_aEngland and Wales _y1543- |
|
| 690 | _aPROPERTY-RESIDENTIAL PROPERTY-RESIDENTIAL PROPERTY DEVELOPMENT | ||
| 856 | 4 | 8 | _uhttps://www.bailii.org/ew/cases/EWHC/Ch/2007/409.htmlZView the decision free of charge at www.bailii.org... |
| 942 | _n0 | ||
| 999 |
_c106564 _d106564 |
||